000 00679nam a22002057a 4500
005 20251108164220.0
008 250721s1996 xx 000 0 ara d
082 1 4 _a327.17/جوا
100 1 _aالحمد، جواد
245 1 0 _aعملية السلام في الشرق الأوسط و تطبيقاتها على المسارين الفلسطيني و الأردني /
264 1 _aعمان :
_bدار البشير للنشر و التوزيع،
_c1996.
300 _a93ص
490 0 _aدراسات ؛ 18
650 1 7 _aالسلام
650 1 7 _aإتفاقية السلام
650 1 7 _aإسرائيل
650 1 7 _aفلسطين
942 _2ddc
_cBK
999 _c6590
_d6590